[Event "EYCC Open-U18 2019"]
[Site "Bratislava"]
[Date "2019.08.09"]
[Round "8.9"]
[White "Bjerre, Jonas Buhl"]
[Black "Baenziger, Fabian"]
[Result "1/2-1/2"]
[WhiteElo "2503"]
[BlackElo "2352"]
[Annotator "ChessBase"]
[PlyCount "50"]
[EventDate "2019.08.02"]
[EventType "swiss"]
[EventCountry "SVK"]
[SourceTitle "playchess.com"]
[Source "ChessBase"]
[SourceQuality "1"]
[TimeControl "40/5400+30:1800+30"]

1. e4 {[%emt 0:00:00]} c5 {[%emt 0:00:20]} 2. Nf3 {[%emt 0:00:00]} d6 {[%emt 0:00:06]} 3. d4 cxd4 {[%emt 0:00:07]} 4. Nxd4 {[%emt 0:00:00]} Nf6 {[%emt 0:00:08]} 5. Nc3 {[%emt 0:00:00]} a6 {[%emt 0:01:00]} 6. Be3 {[%emt 0:00:01]} e5 {[%emt 0:00:42]} 7. Nb3 {[%emt 0:00:05]} Be6 {[%emt 0:00:06]} 8. h3 {[%emt 0:00:13]} Be7 {[%emt 0:00:38]} 9. g4 {[%emt 0:00:05]} d5 {[%emt 0:02:02]} 10. exd5 {[%emt 0:00:24]} Nxd5 {[%emt 0:00:39]} 11. Bg2 {[%emt 0:00:28]} Nxe3 {[%emt 0:00:10]} 12. Qxd8+ {[%emt 0:00:06]} Bxd8 {[%emt 0:03:14]} 13. fxe3 {[%emt 0:00:04]} Bh4+ {[%emt 0:00:39]} 14. Kf1 {[%emt 0:00:41]} Nc6 {[%emt 0:04:03]} 15. Bd5 {[%emt 0:00:19]} Bxd5 {[%emt 0:12:48]} 16. Nxd5 {[%emt 0:00:15]} O-O-O {[%emt 0:00:14]} 17. c4 {[%emt 0:04:59]} g6 {[%emt 0:16:32]} 18. Ke2 {[%emt 0:05:33]} f5 {[%emt 0:00:19]} 19. gxf5 {[%emt 0:08:09]} gxf5 {[%emt 0:01:44]} 20. Rhg1 {[%emt 0:01:03]} Rhg8 {[%emt 0:04:24]} 21. Rxg8 {[%emt 0:18:30]} Rxg8 {[%emt 0:00:07]} 22. Rf1 {[%emt 0:00:49]} Rg2+ {[%emt 0:16:16]} 23. Kd3 {[%emt 0:09:45]} Bf2 {[%emt 0:01:20]} 24. Ke2 {[%emt 0:27:07]} Bh4+ {[%emt 0:03:28]} 25. Kd3 {[%emt 0:04:20]} Bf2 {[%emt 0:11:57] Ke4} 1/2-1/2

[Event "EYCC Open-U18 2019"]
[Site "Bratislava"]
[Date "2019.08.09"]
[Round "8.10"]
[White "Tisaj, Domen"]
[Black "Pechac, Jergus"]
[Result "0-1"]
[WhiteElo "2232"]
[BlackElo "2469"]
[Annotator "ChessBase"]
[PlyCount "152"]
[EventDate "2019.08.02"]
[EventType "swiss"]
[EventCountry "SVK"]
[SourceTitle "playchess.com"]
[Source "ChessBase"]
[SourceQuality "1"]
[TimeControl "40/5400+30:1800+30"]

1. d4 {[%emt 0:00:00]} Nf6 {[%emt 0:00:00]} 2. Bg5 {[%emt 0:00:00]} e6 {[%emt 0:00:00]} 3. Nd2 {[%emt 0:00:21]} h6 {[%emt 0:00:07]} 4. Bh4 {[%emt 0:00:31]} c5 {[%emt 0:00:06]} 5. e3 {[%emt 0:02:44]} b6 {[%emt 0:03:40]} 6. c3 {[%emt 0:00:42]} Be7 {[%emt 0:00:16]} 7. Ngf3 {[%emt 0:00:13]} O-O {[%emt 0:00:07]} 8. Bd3 d5 {[%emt 0:01:29]} 9. Ne5 {[%emt 0:03:09]} Nfd7 {[%emt 0:02:24]} 10. Bxe7 {[%emt 0:03:37]} Qxe7 {[%emt 0:00:03]} 11. f4 {[%emt 0:01:25]} a5 {[%emt 0:10:36]} 12. O-O {[%emt 0:09:05]} Ba6 {[%emt 0:00:31]} 13. Qe2 {[%emt 0:03:57]} a4 {[%emt 0:09:07]} 14. a3 {[%emt 0:10:11]} Re8 {[%emt 0:03:26]} 15. Rae1 {[%emt 0:02:50]} f6 {[%emt 0:03:54]} 16. Nxd7 {[%emt 0:05:19]} Qxd7 {[%emt 0:00:27]} 17. Nf3 {[%emt 0:04:48]} Bxd3 {[%emt 0:01:58]} 18. Qxd3 {[%emt 0:00:02]} Nc6 {[%emt 0:00:07]} 19. Rd1 {[%emt 0:04:27]} Qc7 {[%emt 0:03:05]} 20. e4 {[%emt 0:08:18]} Na5 {[%emt 0:05:45]} 21. exd5 {[%emt 0:02:13]} exd5 {[%emt 0:00:46]} 22. dxc5 {[%emt 0:02:32]} Qxc5+ {[%emt 0:00:03]} 23. Nd4 {[%emt 0:05:20]} Nc4 {[%emt 0:01:18]} 24. Rf2 {[%emt 0:00:11]} Re4 {[%emt 0:05:01]} 25. Qg3 {[%emt 0:01:22]} Ne3 {[%emt 0:04:06]} 26. Rb1 {[%emt 0:02:59]} Rae8 {[%emt 0:07:48]} 27. h3 {[%emt 0:00:09]} Qc7 {[%emt 0:05:12]} 28. Qg6 {[%emt 0:04:32]} Qf7 {[%emt 0:01:49]} 29. Qxf7+ {[%emt 0:00:59]} Kxf7 {[%emt 0:00:02]} 30. f5 {[%emt 0:00:31]} R8e5 {[%emt 0:02:56]} 31. b3 {[%emt 0:07:32]} axb3 {[%emt 0:02:59]} 32. Rxb3 {[%emt 0:00:01]} Nc4 {[%emt 0:00:39]} 33. Rb5 {[%emt 0:00:19]} h5 {[%emt 0:02:28]} 34. Nc6 {[%emt 0:01:11]} Re1+ {[%emt 0:00:19]} 35. Kh2 {[%emt 0:01:15]} Re8 {[%emt 0:08:33]} 36. Rxd5 {[%emt 0:00:29]} Ne3 {[%emt 0:00:27]} 37. Rd7+ {[%emt 0:00:44]} Kg8 {[%emt 0:00:02]} 38. Rd4 {[%emt 0:09:18]} Rc1 {[%emt 0:01:43]} 39. Nb4 {[%emt 0:02:18]} Nf1+ {[%emt 0:09:50]} 40. Kg1 {[%emt 0:00:00]} Ng3+ {[%emt 0:00:00]} 41. Kh2 {[%emt 0:00:17]} Re3 {[%emt 0:09:13]} 42. Rf3 {[%emt 0:01:04]} h4 {[%emt 0:00:08]} 43. Rxh4 {[%emt 0:00:25]} Nf1+ {[%emt 0:00:05]} 44. Kg1 {[%emt 0:00:12]} Nd2+ {[%emt 0:00:17]} 45. Kf2 {[%emt 0:00:27]} Nxf3 {[%emt 0:00:09]} 46. gxf3 {[%emt 0:01:36]} Rexc3 {[%emt 0:00:43]} 47. Nd5 {[%emt 0:00:28]} Rxa3 48. Nxb6 {[%emt 0:02:29]} Ra2+ {[%emt 0:02:27]} 49. Kg3 Rg1+ {[%emt 0:00:11]} 50. Kf4 {[%emt 0:00:40]} Rb1 51. Nd5 {[%emt 0:01:31]} Ra4+ {[%emt 0:00:52]} 52. Kg3 Rg1+ {[%emt 0:00:10]} 53. Kh2 {[%emt 0:00:21]} Rxh4 54. Kxg1 Rxh3 {[%emt 0:00:10]} 55. Kg2 {[%emt 0:00:22]} Rh5 {[%emt 0:00:28]} 56. Kg3 {[%emt 0:00:24]} Kh7 {[%emt 0:00:23]} 57. Ne3 {[%emt 0:00:18]} Kh6 {[%emt 0:00:11]} 58. Kg4 {[%emt 0:01:18]} Rg5+ {[%emt 0:00:30]} 59. Kh4 {[%emt 0:00:07]} Rg1 {[%emt 0:00:10]} 60. Ng4+ {[%emt 0:00:13]} Kh7 {[%emt 0:00:05]} 61. Kh3 {[%emt 0:00:26]} Ra1 {[%emt 0:00:30]} 62. Kg3 {[%emt 0:00:09]} Ra4 {[%emt 0:00:29]} 63. Nf2 {[%emt 0:00:28]} Kh6 {[%emt 0:00:18]} 64. Ne4 {[%emt 0:00:21]} Kh5 {[%emt 0:00:22]} 65. Kf4 {[%emt 0:00:11]} Kh4 {[%emt 0:00:18]} 66. Ke3 {[%emt 0:00:07]} Kh3 {[%emt 0:00:25]} 67. Kf4 {[%emt 0:00:26]} Kg2 {[%emt 0:00:32]} 68. Kg4 {[%emt 0:00:04]} Rd4 {[%emt 0:00:10]} 69. Kf4 {[%emt 0:01:20]} Rd3 {[%emt 0:00:05]} 70. Nc5 {[%emt 0:00:20]} Rxf3+ {[%emt 0:00:06]} 71. Ke4 {[%emt 0:00:11]} Ra3 {[%emt 0:00:56]} 72. Ne6 {[%emt 0:00:23]} Ra7 {[%emt 0:00:06]} 73. Kf4 {[%emt 0:00:09]} Kh3 {[%emt 0:00:10]} 74. Nc5 {[%emt 0:00:17]} Kh4 {[%emt 0:00:24]} 75. Ne6 {[%emt 0:00:06]} Kh5 {[%emt 0:00:49]} 76. Kg3 {[%emt 0:00:14]} Re7 {[%emt 0:00:38]} 0-1

[Event "EYCC Open-U18 2019"]
[Site "Bratislava"]
[Date "2019.08.09"]
[Round "8.11"]
[White "Petriashvili, Nikoloz"]
[Black "Parkhov, Yair"]
[Result "1/2-1/2"]
[WhiteElo "2451"]
[BlackElo "2354"]
[Annotator "TA"]
[PlyCount "94"]
[EventDate "2019.08.02"]
[EventType "swiss"]
[EventCountry "SVK"]
[SourceTitle "playchess.com"]
[Source "ChessBase"]
[SourceQuality "1"]

{[%evp 10,94,18,0,8,-10,10,-9,-9,-2,-1,-8,16,18,14,11,17,17,17,18,33,37,41,43,54,54,59,51,32,4,1,0,0,0,0,0,0,0,0,0,0,0,0,0,0,0,0,0,0,0,0,0,3,0,0,0,3,3,4,3,36,0,0,0,20,20,32,32,32,32,32,32,32,32,45,16,34,34,34,34,34,0,0,0,0,0,0]} 1. d4 Nf6 2. c4 g6 3. Nc3 d5 4. Bf4 Bg7 5. e3 O-O 6. Rc1 Be6 {D83: Grünfeld: 4 Bf4 Bg7 5 e3 0-0} 7. Qb3 c5 8. Qxb7 Qb6 9. Qxb6 $1 ({Much worse is} 9. Qxa8 Nc6 $17) (9. Qxe7 $2 Qxb2 10. Nge2 Nc6 $19) 9... axb6 10. Nf3 Nc6 (10... dxc4 {seems wilder.} 11. dxc5 bxc5 12. Ng5 Bd5 13. Rd1 Bc6) 11. dxc5 bxc5 12. cxd5 Nxd5 13. Nxd5 Bxd5 14. Rxc5 {[#]} e6 $146 15. Bc4 Bxc4 16. Rxc4 Rxa2 {[#] White must now prevent ...Ra1+.} 17. O-O Na5 18. Rc5 Nb7 19. Rb5 Rxb2 20. Rb1 Rxb1+ 21. Rxb1 Ra8 22. Be5 Nc5 23. g4 Ne4 24. Rb4 Nd2 25. Nxd2 {[#] aiming for Nc4.} Bxe5 $11 {[%mdl 4096] Endgame KRB-KRN} 26. Rb5 Bg7 27. Ne4 h6 28. Kg2 Re8 29. h3 f5 30. Nc5 Kf7 31. Kg3 Bf8 32. Rb7+ Re7 33. Rb6 Bg7 34. h4 h5 35. gxh5 gxh5 36. Kh3 e5 37. Nb7 Bf6 38. Nd6+ Kg6 39. Rb1 f4 40. Rg1+ Kh7 41. Ne4 Rf7 42. exf4 exf4 43. Ng5+ Bxg5 $1 44. Rxg5 Kh6 45. Rd5 Rg7 {The position is equal.} 46. Rd8 Kh7 47. Rd5 Kh6 {Accuracy: White = 65%, Black = 73%.} 1/2-1/2

[Event "EYCC Open-U18 2019"]
[Site "Bratislava"]
[Date "2019.08.09"]
[Round "8.12"]
[White "Gaifullin, Artur"]
[Black "Garayev, Kanan"]
[Result "1-0"]
[WhiteElo "2453"]
[BlackElo "2351"]
[Annotator "ChessBase"]
[PlyCount "75"]
[EventDate "2019.08.02"]
[EventType "swiss"]
[EventCountry "SVK"]
[SourceTitle "playchess.com"]
[Source "ChessBase"]
[SourceQuality "1"]
[TimeControl "40/5400+30:1800+30"]

1. Nf3 {[%emt 0:00:00]} Nf6 {[%emt 0:00:00]} 2. c4 {[%emt 0:00:00]} e6 {[%emt 0:00:00]} 3. g3 {[%emt 0:00:00]} d5 {[%emt 0:02:18]} 4. Bg2 {[%emt 0:00:00]} dxc4 {[%emt 0:01:37]} 5. Qa4+ {[%emt 0:00:00]} c6 {[%emt 0:02:35]} 6. Qxc4 {[%emt 0:00:00]} b5 {[%emt 0:00:15]} 7. Qc2 {[%emt 0:00:05]} Bb7 {[%emt 0:00:19]} 8. O-O {[%emt 0:01:42]} Nbd7 {[%emt 0:00:12]} 9. a4 {[%emt 0:00:25]} b4 {[%emt 0:06:37]} 10. d3 {[%emt 0:00:22]} c5 {[%emt 0:01:42]} 11. Nbd2 {[%emt 0:00:07]} Be7 {[%emt 0:01:46]} 12. Nc4 {[%emt 0:00:22]} O-O {[%emt 0:00:42]} 13. a5 {[%emt 0:02:44]} Rc8 {[%emt 0:01:11]} 14. e4 {[%emt 0:02:57]} Nb8 {[%emt 0:06:45]} 15. b3 {[%emt 0:00:54]} Ba6 {[%emt 0:02:14]} 16. Bb2 {[%emt 0:20:10]} Nc6 {[%emt 0:00:54]} 17. Nfd2 {[%emt 0:05:19]} Qd7 {[%emt 0:03:33]} 18. e5 {[%emt 0:03:32]} Nd5 {[%emt 0:02:23]} 19. Ne4 {[%emt 0:00:47]} Nd4 {[%emt 0:02:54]} 20. Qd1 {[%emt 0:00:12]} Nb5 {[%emt 0:09:17]} 21. Qg4 {[%emt 0:07:24]} Kh8 {[%emt 0:02:34]} 22. Rac1 {[%emt 0:22:26]} Ndc3 {[%emt 0:04:54]} 23. Nxc3 {[%emt 0:00:59]} bxc3 {[%emt 0:00:23]} 24. Ba1 {[%emt 0:05:10]} Rfd8 {[%emt 0:16:08]} 25. Be4 {[%emt 0:01:16]} Nd4 {[%emt 0:03:40]} 26. Rxc3 {[%emt 0:05:02]} Rb8 {[%emt 0:00:43]} 27. Bb2 {[%emt 0:04:36]} Nxb3 {[%emt 0:02:37]} 28. Ba3 {[%emt 0:03:18]} g6 {[%emt 0:05:01]} 29. h4 {[%emt 0:03:09]} h5 {[%emt 0:06:33]} 30. Qf4 {[%emt 0:00:40]} Kg7 {[%emt 0:00:40]} 31. Nd6 {[%emt 0:01:53]} Bxd6 {[%emt 0:03:49]} 32. Qf6+ {[%emt 0:00:05]} Kg8 {[%emt 0:00:51]} 33. exd6 {[%emt 0:00:06]} Qa4 {[%emt 0:07:15]} 34. Bxg6 {[%emt 0:01:42]} Rd7 {[%emt 0:00:00]} 35. Be4 {[%emt 0:01:41]} Rxd6 {[%emt 0:01:53]} 36. Rxc5 {[%emt 0:02:13]} Nxc5 {[%emt 0:00:52]} 37. Bxc5 {[%emt 0:00:02]} Bxd3 {[%emt 0:01:17]} 38. Qg5+ {[%emt 0:00:10]} 1-0

[Event "EYCC Open-U18 2019"]
[Site "Bratislava"]
[Date "2019.08.09"]
[Round "8.13"]
[White "Miesbauer, Jan"]
[Black "Iliaguev, Nisim"]
[Result "1-0"]
[WhiteElo "2409"]
[BlackElo "2357"]
[Annotator "TA"]
[PlyCount "75"]
[EventDate "2019.08.02"]
[EventType "swiss"]
[EventCountry "SVK"]
[SourceTitle "playchess.com"]
[Source "ChessBase"]
[SourceQuality "1"]

{[%evp 15,75,27,45,3,52,36,36,38,37,27,32,34,47,19,27,0,14,13,20,0,130,119,120,124,108,115,131,113,102,105,134,106,186,0,27,0,0,0,0,0,0,0,0,0,0,0,774,774,774,702,774,770,736,707,692,685,859,839,809,541,780,774]} 1. d4 Nf6 2. c4 c5 3. d5 e6 4. Nc3 exd5 5. cxd5 d6 6. Nf3 g6 7. h3 Bg7 8. e4 O-O 9. Bg5 {A70: Modern Benoni: 6 e4 g6 7 Nf3} (9. Bd3 b5 10. Nxb5 Re8 11. Nc3 Nxe4 12. Bxe4 f5 13. O-O fxe4 14. Ng5 e3 15. Nce4 exf2+ 16. Nxf2 h6 17. Ne6 Bxe6 18. dxe6 Nc6 {½-½ (35) Mamedyarov,S (2768)-Matlakov,M (2694) Doha 2016}) 9... Qa5 10. Bd3 c4 11. Bc2 {White is slightly better.} b5 {Strongly threatening ...b4.} 12. a3 Nbd7 $146 ({Predecessor:} 12... Re8 13. O-O Nbd7 14. Re1 a6 15. Bf4 Qb6 16. Qd2 Bb7 17. Re2 {½-½ (47) Sergeev,V (2409)-Mer,A (2225) ICCF email 2009}) 13. O-O Nc5 14. Qd2 Qb6 15. Bh6 a5 16. Bxg7 Kxg7 17. Rfe1 Bb7 {[#]} (17... Re8 $11) 18. Nd4 $1 $16 b4 19. Na4 Nxa4 20. Bxa4 h6 21. Re3 Rac8 22. Rae1 c3 23. bxc3 {[%cal Ra3b4]} bxa3 (23... Rc4 $16 24. Qb2 Rfc8) 24. Rf3 $2 (24. Bc2 $18) 24... Qb2 $1 $11 {[%cal Rb2d2]} 25. Nf5+ (25. Qd3 $5 {[%cal Re1b1]} a2 26. Nb3 $11) 25... gxf5 26. Rg3+ Kh7 {[#]} 27. Qf4 $1 {[%mdl 512]} Rg8 $1 {[%cal Rg8g3] aiming for ...Rxg3.} 28. Qxf5+ {[%mdl 64] Double Attack} Rg6 29. Rxg6 fxg6 30. Qxf6 $40 {[%mdl 128] Hoping for Be8! White attacks.} a2 $2 {[%mdl 8192] [#]} (30... Rg8 $11 31. Qf7+ Rg7) 31. Be8 $1 $18 {[%cal Re8g6][%mdl 576] Decoy, Promotion. White is clearly winning.} Rxe8 32. Qf7+ {[%mdl 64] Double Attack} Kh8 33. Qxe8+ Kg7 34. Qe7+ Kg8 35. Qd8+ Kg7 36. Qxa5 Qb1 37. Rf1 ({Worse is} 37. Rxb1 axb1=Q+ 38. Kh2 Qxe4 $11) 37... h5 38. c4 {Accuracy: White = 56%, Black = 58%.} 1-0

[Event "EYCC Open-U18 2019"]
[Site "Bratislava"]
[Date "2019.08.09"]
[Round "8.14"]
[White "Godzwon, Iwo"]
[Black "Travadon, Loic"]
[Result "0-1"]
[WhiteElo "2285"]
[BlackElo "2403"]
[Annotator "NA"]
[PlyCount "136"]
[EventDate "2019.08.02"]
[EventType "swiss"]
[EventCountry "SVK"]
[SourceTitle "playchess.com"]
[Source "ChessBase"]
[SourceQuality "1"]
[TimeControl "40/5400+30:1800+30"]

1. e4 {[%emt 0:00:00]} e5 {[%emt 0:00:00]} 2. Nf3 {[%emt 0:00:00]} d6 {[%emt 0:00:00]} 3. d4 {[%emt 0:00:00]} exd4 4. Nxd4 {[%emt 0:00:00]} Nf6 {[%emt 0:00:00]} 5. Nc3 {[%emt 0:00:00]} Be7 {[%emt 0:00:00]} 6. Bf4 {[%emt 0:00:21]} O-O {[%emt 0:00:00]} 7. Qd2 {[%emt 0:00:03]} d5 {[%emt 0:00:00]} 8. Ndb5 {[%emt 0:29:52]} Bb4 {[%emt 0:00:08]} 9. f3 {[%emt 0:01:20]} Ba5 {[%emt 0:17:22]} 10. O-O-O {[%emt 0:09:10]} a6 {[%emt 0:00:33]} 11. Na3 {[%emt 0:00:32]} c6 {[%emt 0:07:07]} 12. Qe3 {[%emt 0:04:47]} b5 {[%emt 0:04:59]} 13. exd5 {[%emt 0:03:42]} cxd5 {[%emt 0:01:50]} 14. Ne4 {[%emt 0:00:24]} Bb6 {[%emt 0:02:58]} 15. Nxf6+ {[%emt 0:00:12]} Qxf6 {[%emt 0:00:13]} 16. Qe5 {[%emt 0:00:02]} Qxe5 {[%emt 0:00:13]} 17. Bxe5 {[%emt 0:00:04]} Be3+ {[%emt 0:01:31]} 18. Kb1 {[%emt 0:00:04]} b4 {[%emt 0:00:42]} 19. Bd6 {[%emt 0:00:02]} bxa3 {[%emt 0:00:19]} 20. Bxf8 {[%emt 0:00:04]} Kxf8 {[%emt 0:00:06]} 21. Rxd5 {[%emt 0:00:02]} Be6 {[%emt 0:01:13]} 22. Rd8+ {[%emt 0:03:07]} Ke7 {[%emt 0:00:05]} 23. Rh8 {[%emt 0:00:04]} Bf4 {[%emt 0:09:16]} 24. Bd3 {[%emt 0:03:34]} Ra7 {[%emt 0:00:16]} 25. g3 {[%emt 0:00:11]} Bd6 {[%emt 0:00:19]} 26. b3 {[%emt 0:03:11]} Nd7 {[%emt 0:01:31]} 27. Rxh7 {[%emt 0:00:26]} g6 {[%emt 0:02:04]} 28. Rh4 {[%emt 0:06:43]} Ne5 {[%emt 0:02:38]} 29. Be2 {[%emt 0:00:30]} Rc7 {[%emt 0:10:09]} 30. Ra4 {[%emt 0:02:47]} Rc3 {[%emt 0:05:31]} 31. f4 {[%emt 0:05:24]} Nc6 {[%emt 0:01:34]} 32. Rxa6 {[%emt 0:00:29]} Nb4 {[%emt 0:00:55]} 33. Ra7+ {[%emt 0:04:00]} Kf8 {[%emt 0:00:17]} 34. Rc1 {[%emt 0:00:16]} Bf5 {[%emt 0:00:29]} 35. Rxa3 {[%emt 0:00:33]} Rc8 {[%emt 0:11:43]} 36. Kb2 {[%emt 0:03:48]} Nxc2 {[%emt 0:01:55]} 37. Ra4 {[%emt 0:05:08]} Be7 {[%emt 0:00:23]} 38. Ra6 {[%emt 0:00:05]} Bc5 {[%emt 0:02:35]} 39. Ra4 {[%emt 0:00:09]} Be7 {[%emt 0:05:39]} 40. Ra6 {[%emt 0:00:00]} Bb4 {[%emt 0:00:00]} 41. Bc4 {[%emt 0:00:31]} Ne3 {[%emt 0:12:12]} 42. Ra7 {[%emt 0:00:27]} Rd8 {[%emt 0:01:31]} 43. Rxf7+ {[%emt 0:03:18]} Ke8 {[%emt 0:00:02]} 44. Rxf5 {[%emt 0:02:50]} gxf5 {[%emt 0:00:27]} 45. a3 {[%emt 0:00:12]} Rd2+ {[%emt 0:00:06]} 46. Kb1 {[%emt 0:00:02]} Bxa3 {[%emt 0:00:33]} 47. Re1 {[%emt 0:00:03]} Bc5 {[%emt 0:00:13]} 48. Re2 {[%emt 0:01:44]} Rd1+ {[%emt 0:00:15]} 49. Ka2 {[%emt 0:00:07]} Kd7 {[%emt 0:00:28]} 50. b4 {[%emt 0:01:25]} Bd4 {[%emt 0:00:17]} 51. Bf7 {[%emt 0:00:25]} Kc6 {[%emt 0:01:53]} 52. Kb3 {[%emt 0:00:43]} Kb6 {[%emt 0:02:07]} 53. Be6 {[%emt 0:01:23]} Rb1+ {[%emt 0:00:35]} 54. Ka4 {[%emt 0:01:38]} Nd1 {[%emt 0:05:26]} 55. Rc2 {[%emt 0:02:44]} Nc3+ {[%emt 0:02:01]} 56. Ka3 {[%emt 0:00:03]} Nb5+ {[%emt 0:00:07]} 57. Ka4 {[%emt 0:00:35]} Bc3 {[%emt 0:01:29]} 58. Bb3 {[%emt 0:01:49]} Be1 {[%emt 0:00:17]} 59. Rg2 {[%emt 0:01:17]} Nd4 {[%emt 0:00:21]} 60. Bf7 {[%emt 0:01:48]} Rxb4+ {[%emt 0:00:57]} 61. Ka3 {[%emt 0:00:01]} Bc3 {[%emt 0:00:24]} 62. h3 {[%emt 0:00:45]} Rb5 {[%emt 0:01:47]} 63. Be8 {[%emt 0:00:25]} Ra5+ {[%emt 0:00:13]} 64. Ba4 {[%emt 0:00:05]} Kc5 {[%emt 0:00:11]} 65. g4 {[%emt 0:00:55]} Kc4 {[%emt 0:00:06]} 66. gxf5 {[%emt 0:00:46]} Nb5+ {[%emt 0:00:04]} 67. Ka2 {[%emt 0:00:02]} Rxa4+ {[%emt 0:00:05]} 68. Kb1 {[%emt 0:00:03]} Ra1+ {[%emt 0:00:05]} 0-1

[Event "EYCC Open-U18 2019"]
[Site "Bratislava"]
[Date "2019.08.09"]
[Round "8.15"]
[White "Gatineau, Yovann"]
[Black "Zeman, Matyas"]
[Result "1/2-1/2"]
[WhiteElo "2364"]
[BlackElo "2275"]
[Annotator "TA"]
[PlyCount "81"]
[EventDate "2019.08.02"]
[EventType "swiss"]
[EventCountry "SVK"]
[SourceTitle "playchess.com"]
[Source "ChessBase"]
[SourceQuality "1"]

{[%evp 17,81,13,16,9,16,21,19,-22,-18,-22,-23,-9,-12,-14,-14,-26,-54,-20,-8,-12,-12,-37,-38,-45,-24,-20,-16,-18,-5,-17,-3,-35,0,-18,0,0,0,-5,-3,-16,-4,-32,0,0,0,0,0,0,0,0,0,0,0,0,0,0,0,0,0,0,0,0,0,0,0,0]} 1. d4 e6 2. Bf4 d5 3. e3 Bd6 4. Bg3 Nf6 5. Nd2 c5 6. Ngf3 Nc6 7. c3 O-O 8. Bd3 Qe7 9. Ne5 Nd7 10. Nxd7 {D02: 1 d4 d5 2 Nf3 sidelines, including 2...Nf6 3 g3 and 2...Nf6 3 Bf4} Qxd7 11. dxc5 (11. O-O b6 12. Bxd6 Qxd6 13. f4 f5 14. Nf3 c4 15. Bc2 b5 16. a3 a5 17. g4 Bd7 {½-½ (69) Grischuk,A (2781)-Hammer,J (2677) Stavanger 2015}) 11... Bxc5 12. e4 (12. Nf3 {feels hotter.} b6 13. O-O Bb7 14. Qc2 f5 15. Nd4) 12... d4 {[#] aiming for ...dxc3.} 13. Nb3 Bb6 14. e5 $146 ({Predecessor:} 14. c4 e5 15. O-O Qe7 16. Rc1 Be6 17. Kh1 a5 {0-1 (53) Gurevich,D (2483)-Sarana,A (2562) chess.com INT 2018}) 14... dxc3 15. bxc3 Rd8 16. Be4 Qxd1+ 17. Rxd1 Rxd1+ 18. Kxd1 Bd7 19. Kc2 Rc8 20. Rd1 Nb4+ 21. Kb2 Bc6 22. Bxc6 Nxc6 23. Rd7 Rc7 24. Rd3 (24. Nc5 {with more complications.} Rxd7 25. Nxd7 Bd8 26. Kc2 h5 27. Kd3) 24... Rc8 25. f4 Rd8 26. Rxd8+ Nxd8 $11 {[%mdl 4096] Endgame KBN-KBN} 27. c4 Nc6 28. Kc3 Kf8 29. Be1 Ke7 30. Kd3 {The position is equal.} f6 31. exf6+ gxf6 32. a4 Bg1 33. h3 f5 34. g4 Kf6 35. Bc3+ Kg6 36. Nd4 Bxd4 37. Bxd4 fxg4 38. hxg4 h5 39. gxh5+ Kxh5 40. Ke4 a6 41. Bc3 {Accuracy: White = 51%, Black = 73%.} 1/2-1/2

[Event "EYCC Open-U18 2019"]
[Site "Bratislava"]
[Date "2019.08.09"]
[Round "8.16"]
[White "Schoppen, Casper"]
[Black "Golikov, Daniil"]
[Result "1/2-1/2"]
[WhiteElo "2493"]
[BlackElo "2257"]
[Annotator "ChessBase"]
[PlyCount "80"]
[EventDate "2019.08.02"]
[EventType "swiss"]
[EventCountry "SVK"]
[SourceTitle "playchess.com"]
[Source "ChessBase"]
[SourceQuality "1"]
[TimeControl "40/5400+30:1800+30"]

1. e4 {[%emt 0:00:00]} e6 {[%emt 0:00:00]} 2. d4 {[%emt 0:00:00]} d5 {[%emt 0:00:00]} 3. Nc3 {[%emt 0:00:00]} Nf6 {[%emt 0:00:00]} 4. e5 {[%emt 0:00:00]} Nfd7 {[%emt 0:00:00]} 5. f4 {[%emt 0:00:01]} c5 {[%emt 0:00:00]} 6. Nf3 {[%emt 0:00:05]} Nc6 {[%emt 0:00:00]} 7. Be3 {[%emt 0:00:05]} Be7 {[%emt 0:00:06]} 8. Qd2 {[%emt 0:00:27]} O-O {[%emt 0:00:07]} 9. dxc5 {[%emt 0:00:54]} Bxc5 {[%emt 0:00:46]} 10. Bxc5 {[%emt 0:00:50]} Nxc5 {[%emt 0:00:03]} 11. O-O-O {[%emt 0:01:10]} Qa5 {[%emt 0:05:54]} 12. a3 {[%emt 0:04:34]} a6 {[%emt 0:04:06]} 13. Kb1 {[%emt 0:00:29]} Na4 {[%emt 0:00:26]} 14. Nxa4 {[%emt 0:02:23]} Qxa4 {[%emt 0:00:03]} 15. Bd3 {[%emt 0:01:17]} Bd7 {[%emt 0:10:21]} 16. Ng5 {[%emt 0:25:40]} h6 {[%emt 0:03:18]} 17. Nh7 {[%emt 0:03:20]} Rfc8 {[%emt 0:00:57]} 18. g4 {[%emt 0:01:18]} Nd4 {[%emt 0:23:26]} 19. c3 {[%emt 0:26:05]} Nb3 {[%emt 0:08:31]} 20. Qg2 {[%emt 0:04:38]} Bb5 {[%emt 0:11:43]} 21. Bc2 {[%emt 0:04:03]} d4 {[%emt 0:02:58]} 22. Rxd4 {[%emt 0:03:25]} Bc6 {[%emt 0:14:33]} 23. Qg3 {[%emt 0:16:05]} Qxd4 {[%emt 0:00:17]} 24. cxd4 {[%emt 0:00:13]} Nd2+ {[%emt 0:00:02]} 25. Kc1 {[%emt 0:01:01]} Be4 {[%emt 0:02:51]} 26. Kxd2 {[%emt 0:00:52]} Rxc2+ {[%emt 0:00:00]} 27. Kd1 {[%emt 0:00:13]} Rd8 {[%emt 0:04:23]} 28. Qe3 {[%emt 0:01:10]} Rc4 {[%emt 0:00:03]} 29. Re1 {[%emt 0:01:31]} Rdxd4+ {[%emt 0:00:06]} 30. Ke2 {[%emt 0:00:06]} Bxh7 {[%emt 0:00:56]} 31. Rc1 {[%emt 0:01:20]} Bd3+ {[%emt 0:02:45]} 32. Kf3 {[%emt 0:00:36]} Be4+ {[%emt 0:00:30]} 33. Kf2 {[%emt 0:00:12]} Bc2 {[%emt 0:00:04]} 34. b3 {[%emt 0:01:46]} Rxf4+ {[%emt 0:01:34]} 35. Kg3 {[%emt 0:00:17]} Rxg4+ {[%emt 0:00:05]} 36. Kf3 {[%emt 0:00:07]} Rce4 {[%emt 0:00:01]} 37. Qc3 {[%emt 0:01:06]} Ref4+ {[%emt 0:01:40]} 38. Ke3 {[%emt 0:00:16]} Re4+ {[%emt 0:01:50]} 39. Kf3 {[%emt 0:00:06]} Ref4+ {[%emt 0:00:12]} 40. Ke3 {[%emt 0:00:00]} Re4+ {[%emt 0:00:00] Kxe4} 1/2-1/2